<?xml version="1.0" encoding="UTF-8"?>
<marc:record xmlns:marc="http://www.loc.gov/MARC21/slim">
   <marc:leader>00000nam a2200000 a 4500</marc:leader>
   <marc:datafield ind1="1" ind2=" " tag="100">
      <marc:subfield code="a">Gauß, Karl-Markus</marc:subfield>
      <marc:subfield code="4">aut</marc:subfield>
      <marc:subfield code="e">Verfasser/-in</marc:subfield>
   </marc:datafield>
   <marc:datafield ind1=" " ind2=" " tag="653">
      <marc:subfield code="a">Europa</marc:subfield>
   </marc:datafield>
   <marc:datafield ind1=" " ind2=" " tag="653">
      <marc:subfield code="a">Ethnische Gruppe</marc:subfield>
   </marc:datafield>
   <marc:datafield ind1=" " ind2=" " tag="653">
      <marc:subfield code="a">Nationale Minderheit</marc:subfield>
   </marc:datafield>
   <marc:datafield ind1="0" ind2="0" tag="245">
      <marc:subfield code="a">Die sterbenden Europäer</marc:subfield>
   </marc:datafield>
   <marc:datafield ind1="0" ind2="0" tag="245">
      <marc:subfield code="b">unterwegs zu den Sepharden von Sarajevo, Gotscheer Deutschen, Arbëreshe, Sorben und Aromunen</marc:subfield>
   </marc:datafield>
   <marc:datafield ind1="0" ind2="0" tag="245">
      <marc:subfield code="c">Karl-Markus Gauß ; mit Fotografien von Kurt Kaindl</marc:subfield>
   </marc:datafield>
   <marc:datafield ind1=" " ind2="1" tag="264">
      <marc:subfield code="a">Zürich</marc:subfield>
      <marc:subfield code="b">Unionsverlag</marc:subfield>
      <marc:subfield code="c">2022</marc:subfield>
   </marc:datafield>
   <marc:datafield ind1="1" ind2=" " tag="490">
      <marc:subfield code="a">Unionsverlag Taschenbuch</marc:subfield>
      <marc:subfield code="v">932</marc:subfield>
   </marc:datafield>
   <marc:datafield ind1="1" ind2=" " tag="520">
      <marc:subfield code="a">In Sarajevo lässt sich Karl-Markus Gauß bei einem Mokka und trübem Schnaps von der Vergangenheit der Sepharden erzählen. Er bahnt sich einen Weg in die slowenische Gotschee, wird empfangen von einem wortkargen Bauern und misstrauischen Hunden. Im Dunst von Zigaretten und Minze lauscht er den Abëreshe, vom Sturm der Geschichte in ein süditalienisches Bergdorf geweht. Er fährt nach Ostdeutschland, ins Herzland der katholischen Sorben, wo seit Jahrhunderten jeder zwei Namen trägt. Er sucht die Aromunen in Mazedonien auf, eines der ältesten Völker Europas, im 20. Jahrhundert ins Abseits geraten.&lt;br/&gt;&lt;br/&gt;Gauß lässt sich mitreißen vom Strom der Erzählungen und erschafft daraus eine Geschichte der vergessenen Völker Europas, nimmt uns mit in die verborgenen Winkel des Kontinents.&lt;br/&gt;&lt;br/&gt;Quelle: thalia.at</marc:subfield>
   </marc:datafield>
   <marc:datafield ind1=" " ind2=" " tag="020">
      <marc:subfield code="a">9783293209329</marc:subfield>
      <marc:subfield code="9">9783293209329</marc:subfield>
   </marc:datafield>
   <marc:datafield ind1=" " ind2=" " tag="041">
      <marc:subfield code="a">ger</marc:subfield>
   </marc:datafield>
   <marc:datafield ind1="1" ind2=" " tag="521">
      <marc:subfield code="a">0</marc:subfield>
   </marc:datafield>
   <marc:datafield ind1=" " ind2=" " tag="300">
      <marc:subfield code="a">252 Seiten</marc:subfield>
   </marc:datafield>
</marc:record>
